000 00811nam a2200253 a 4500
999 _c12602
_d12602
001 12602
003 BD-JhCC
005 20221015090203.0
008 221015s20162021bg |||| |||| 000 0 ban d
020 _a9847012005538
035 _a(BD-JhCC)12602
040 _aBD-JhCC
_dBD-JhCC
041 _abeg
082 _a923
_bCHO 2019
100 _aচৌধুরী, চন্দন
245 _aলালন সাঁই /
_cচন্দন চৌধুরী,
260 _aঢাকা :
_bকথাপ্রকাশ,
_c২০২১
300 _a৯৪ পৃ. :
_c২১ সেমি.
490 _aজীবনী গ্রন্থমালা
504 _aগ্রন্থপঞ্জি অন্তর্ভূক্ত।
600 _aShai, Lalon
650 _aBiography
942 _2ddc
_cBK